Bilan de l'histoire
Αποθηκεύτηκε σε:
| Κύριος συγγραφέας: | |
|---|---|
| Μορφή: | Βιβλίο |
| Γλώσσα: | French |
| Δημοσίευση: |
Paris :
Desclee de Brouwer,
1991
|
| Θέματα: | |
| Ετικέτες: |
Προσθήκη ετικέτας
Δεν υπάρχουν, Καταχωρήστε ετικέτα πρώτοι!
|
MARC
| LEADER | 00000nam a2200000 i 4500 | ||
|---|---|---|---|
| 001 | 1/2887 | ||
| 008 | 960305s1991 fre d | ||
| 020 | |a 2-220-03210-8 | ||
| 035 | |l 10015024 | ||
| 040 | |a GR-MY-UA |b gre |e aacr | ||
| 041 | 0 | |a fre | |
| 082 | 0 | |a 901.9 | |
| 100 | 1 | |a Grousset, Rene. | |
| 245 | 1 | 0 | |a Bilan de l'histoire / |c Rene Grousset ; Preface de Robert Aron |
| 260 | |a Paris : |b Desclee de Brouwer, |c 1991 | ||
| 300 | |a 310 p. | ||
| 650 | 0 | 0 | |a Civilization |x History. |
| 852 | |a INST |b LESVOS |e 19960305 |h 901.9 GRO |p 005100007095 |q 005100007095 |t BK |y 0 | ||
| 909 | |a Λ |b 033994 | ||
| 922 | |a 1ΔΩΡ |b 199312 |c ΤΚΑ | ||